000 00406nam a2200169Ia 4500
008 230917s9999||||xx |||||||||||||| ||und||
020 _cRS65
040 _e23986
_aMAIN
041 _aEnglish
082 _a519.5 F896M
100 _aFreund, John E
245 0 _aMathematical statistics
250 _a4th ed.
260 _aNew Delhi
_bPrentice Hall of India
_c1987
300 _axiv,608 p.
942 _cBK
999 _c59676
_d59676